Wymień zawodników z Chorwacji kiedykolwiek walczących w KSW. - Statystyki

Ogólne statystyki
  • Ten quiz został rozwiązany 24 razy
  • Średni wynik to 4 z 8
Statystyki odpowiedzi
Zawodnik % Poprawnych
8 Roberto Soldić
90%
5 Antun Racić
81%
2 Filip Pejić
57%
3 Ivan Erslan
48%
1 Ante Delija
38%
7 Sara Luzar-Smajić
29%
6 Goran Rejlić
19%
4 Igor Pokrajac
14%
Nie znaleziono quizów pasujących do podanych kryteriów
Rozkład punktacji
Procent ludzi z każdym wynikiem
Percentyl według liczby udzielonych odpowiedzi
Twoja historia wyników
Nie rozwiązałeś tego quizu